000 00949nam a2200253Ia 4500
003 OSt
005 20220923223301.0
006 a|||||r|||| 00| 0
007 ta
008 220922b |||||||| |||| 00| 0 hin d
024 _a212,807
037 _cTextual
040 _aARTS
_cARTS
_bhin
041 _2hin
_ahin
082 _aO152,3N26:g, M1
100 _aमेहता, कृष्ण
_9156290
245 0 _aधर्मवीर भारती और कमलेश्वर की कहानियो का तुलनात्मक अध्ययन
246 _aDharmavīr bhāratī aur kamaleshvar kī kahāniyo kā tulanātmak adhyayana
260 _aमथुरा
_b बुक सैन्टर
_c1981
300 _a112पृ.
_ccm.
650 _aहिन्दी साहित्य
_9156264
942 _hO152,3N26:g, M1
_cTEXL
_2CC
999 _c363081
_d363081